| 000 | 00575nam a22001697a 4500 | ||
|---|---|---|---|
| 008 | 211109b |||||||| |||| 00| 0 eng d | ||
| 020 | _a0520272637 | ||
| 050 |
_aRA793 _b.E67 2011 c.1 |
||
| 100 | _aEpstein, Paul R. | ||
| 245 |
_aChanging Planet, Changing Health _bHow the Climate Crisis Threatens our Health and What We Can Do about it. _cPaul R. Epstein |
||
| 260 |
_aBerkeley _bUniversity of California Press _c2011 |
||
| 300 | _axii, 355p. | ||
| 650 | _aMedical Climatology | ||
| 650 |
_aClimatic changes _vhealth aspects |
||
| 700 | _aFerber, Dan | ||
| 942 |
_2lcc _cBK |
||
| 999 |
_c19117 _d19116 |
||